000 00578nam a22002177a 4500
003 SISC
005 20160303145901.0
008 130724t xxu||||| |||| 00| 0 eng d
020 _a1854712675
050 _aPS 3527
_b.B278 1994
082 _aCLA
_bB27m 1994
100 _aBarrow, Sir John
_93508
245 _aThe Mutiny of the bounty /
_cSir John Barrow.
260 _aLondon :
_bBloomsbury Books,
_c1994.
300 _a256 p. ;
_b18 cm.
562 _e1
650 _aChildren's literature
_91986
700 _aBarrow, Sir John
_93509
942 _2lcc
_cBK
999 _c7594
_d7594